Doctor Who - Nomme les compagnons - Statistiques

Statistiques générales
  • Ce quiz a été pris 145 fois
  • Le résultat moyen est 12 sur 16
Statistiques - réponses
Par images Réponse % Correct
Donna Noble
98%
Rose Tyler
95%
Amelia "Amy" Pond
94%
Clara Oswald
91%
Rory Williams
91%
Martha Jones
89%
River Song
89%
Capitaine Jack Harkness
80%
Bill Potts
79%
Ruby Sunday
60%
Yasmin "Yaz" Khan
59%
Nardole
57%
Graham O'Brien
53%
Ryan Sinclair
51%
Belinda Chandra
39%
Dan Lewis
36%
Aucun quiz correspondant
Distribution des résultats
% des personnes avec chaque résultat
Percentile par nombre de réponses
Votre historique - résultats
Vous n’avez pas pris ce quiz